[Event "Challenge"]
[Site "http://www.queenalice.com/game.php?id=374335"]
[Date "2008.3.20"]
[Round "-"]
[White "iwanikow"]
[Black "Garoa_de_sangue"]
[Result "0-1"]
[WhiteElo "1802"]
[BlackElo "1615"]

1. e4 e6 2. c4 c5 3. Nf3 Nc6 4. d3 g6 5. Be2 Bg7 6. O-O Nge7 7. Nc3 O-O 8. a3 d6
9. Bd2 a6 10. Bg5 Qa5 11. Qd2 b5 12. cxb5 axb5 13. d4 h6 14. Bh4 cxd4 15. Nxb5
Qxd2 16. Nxd2 d5 17. exd5 Nxd5 18. Ne4 Ba6 19. a4 Be5 20. Rfe1 f5 21. Nd2 g5 22.
Bxg5 hxg5 23. Rac1 Na5 24. Nc7 Nxc7 25. Bxa6 Bf4 26. Red1 Nxa6 27. Rc2 Nb4 28.
Rc7 Bxc7 29. Nf3 g4 30. Nxd4 Rfd8 0-1

[Event "Elrey v/s Garoa_de_sangue"]
[Site "http://www.queenalice.com/game.php?id=379534"]
[Date "2008.3.30"]
[Round "-"]
[White "elrey"]
[Black "Garoa_de_sangue"]
[Result "1-0"]
[WhiteElo "2002"]
[BlackElo "1617"]

1. d4 Nf6 2. c4 d5 3. Nf3 Bg4 4. Ne5 Nbd7 5. Nxg4 Nxg4 6. e4 Ngf6 7. e5 Ng8 8.
cxd5 e6 9. dxe6 fxe6 10. Bc4 Qe7 11. Qg4 Qb4+ 12. Nd2 O-O-O 13. Bxe6 h5 14. Qh4
Be7 15. Qg3 g5 16. Qc3 Rh6 17. Bf5 Rf8 18. Bd3 Nb6 19. Qxb4 Bxb4 20. a3 Be7 21.
Nf3 Rd8 22. Nxg5 Rc6 23. Bf5+ Kb8 24. Ne6 Re8 25. Bg6 Rc8 26. Bf7 h4 27. g4 Nd5
28. g5 Bf8 29. Nxf8 Rxf8 30. Bxd5 Rc2 31. Rf1 Ne7 32. Bb3 Rc6 33. Bd2 Nf5 34. d5
Rb6 35. Bb4 Rg8 36. d6 cxd6 37. Bxg8 1-0

[Event "Let's Play Chess!"]
[Site "http://www.queenalice.com/game.php?id=423819"]
[Date "2008.6.27"]
[Round "-"]
[White "Garoa_de_sangue"]
[Black "CampbellMarcel"]
[Result "1-0"]
[WhiteElo "1689"]
[BlackElo "1708"]

1. e4 e6 2. d4 d5 3. Nc3 Bb4 4. Ne2 dxe4 5. Bd2 Bxc3 6. Bxc3 Nc6 7. Ng3 f5 8.
Bb5 Bd7 9. f3 Nxd4 10. Bxd7+ Qxd7 11. Bxd4 Qf7 12. Qe2 Ne7 13. O-O-O O-O 14.
Rhf1 exf3 15. Qxf3 Nd5 16. Nh5 g6 17. Qg3 h6 18. Nf4 g5 19. Nxd5 exd5 20. Qe5
Kh7 21. Rf2 Rae8 22. Qg3 f4 23. Qd3+ Kg8 24. Bc3 c6 25. Qd4 Qh7 26. g3 Re4 27.
Qxa7 fxg3 28. Rxf8+ Kxf8 29. hxg3 1-0

[Event "Let's Play Chess!"]
[Site "http://www.queenalice.com/game.php?id=423820"]
[Date "2008.6.27"]
[Round "-"]
[White "CampbellMarcel"]
[Black "Garoa_de_sangue"]
[Result "0-1"]
[WhiteElo "1601"]
[BlackElo "1658"]

1. e4 Nf6 2. Nc3 e5 3. Bc4 Bb4 4. Nf3 Nc6 5. O-O Bxc3 6. Ng5 d5 7. Nxf7 Kxf7 8.
dxc3 Be6 9. exd5 Nxd5 10. Qf3+ Nf6 11. Rd1 Qe7 12. Bxe6+ Qxe6 13. b3 Qg4 0-1

[Event "Challenge"]
[Site "http://www.queenalice.com/game.php?id=427739"]
[Date "2008.7.5"]
[Round "-"]
[White "Garoa_de_sangue"]
[Black "PROFILER"]
[Result "0-1"]
[WhiteElo "1725"]
[BlackElo "2045"]

1. e4 e5 2. f4 exf4 3. Nf3 g5 4. Bc4 d6 5. h3 Bg7 6. d4 h6 7. Nc3 Nc6 8. Bb5 Bd7
9. Bd2 Nxd4 10. Bxd7+ Qxd7 11. Nxd4 Bxd4 12. Qf3 O-O-O 13. O-O-O Be5 14. Ne2 Qe6
15. Nc3 Ne7 16. Qe2 Rhe8 17. Qf2 Kb8 18. Be1 Bxc3 19. Bxc3 Qxa2 20. g3 fxg3 21.
Qxg3 Nc6 22. Rde1 Re6 23. h4 Rde8 24. hxg5 hxg5 25. Qxg5 b6 26. Kd2 Rxe4 27.
Rxe4 Rxe4 28. b3 Qa6 29. Qg2 d5 30. Re1 Rxe1 31. Kxe1 Qc8 32. Qxd5 Qe6+ 33. Qxe6
fxe6 34. Ke2 Kc8 35. Kd3 Kd7 36. Bd2 Kd6 37. c4 a5 38. Ke4 Nb4 39. Bf4+ Kd7 40.
Ke5 Nd3+ 41. Ke4 Nxf4 42. Kxf4 Kd6 43. Ke4 Kc5 44. Kd3 Kb4 45. Kc2 e5 46. Kb2 e4
0-1

[Event "Challenge"]
[Site "http://www.queenalice.com/game.php?id=430920"]
[Date "2008.7.10"]
[Round "-"]
[White "Garoa_de_sangue"]
[Black "danihel"]
[Result "1-0"]
[WhiteElo "1745"]
[BlackElo "1773"]

1. e4 e5 2. f4 exf4 3. Nf3 a6 4. Bc4 b5 5. Bxf7+ Ke7 6. Bxg8 Rxg8 7. d4 g5 8.
Nc3 Bb7 9. d5 d6 10. Bd2 h6 11. Qe2 Kd7 12. O-O-O c6 13. g3 Bg7 14. gxf4 Re8 15.
Qg2 Bc8 16. Ne2 c5 17. h4 Rxe4 18. hxg5 Bb7 19. Nc3 Re7 20. f5 Rf7 21. f6 b4 22.
fxg7 h5 23. Rxh5 Rxg7 24. Qg4+ Kc7 25. Qe6 bxc3 26. Bxc3 Re7 27. Qf5 Bc8 28. Qf4
Bd7 29. g6 Be6 30. Bf6 Qf8 31. Rh8 Bg8 32. Rg1 Nd7 33. g7 Rxg7 34. Rxg7 Kb6 35.
Rhxg8 Qxf6 36. Qxf6 Nxf6 37. Rxa8 Nxd5 38. Nd2 Nc7 39. Nc4+ Kb7 40. Rag8 Kc6 41.
Rb8 Nd5 42. Na5# 1-0

[Event "Challenge"]
[Site "http://www.queenalice.com/game.php?id=441972"]
[Date "2008.8.1"]
[Round "-"]
[White "Garoa_de_sangue"]
[Black "KaBaL"]
[Result "1-0"]
[WhiteElo "1743"]
[BlackElo "1600"]

1. e4 e5 2. f4 Nc6 3. Bc4 exf4 4. Nf3 Qf6 5. d4 g5 6. Nc3 Bb4 7. e5 Qh6 8. Bd2
Bxc3 9. Bxc3 Qg6 10. Qd3 Qxd3 11. Bxd3 g4 12. Ng5 Nh6 13. g3 f3 14. O-O-O d5 15.
h3 gxh3 16. Bb5 Bg4 17. Bxc6+ bxc6 18. Bd2 1-0

[Event "Challenge"]
[Site "http://www.queenalice.com/game.php?id=449252"]
[Date "2008.8.16"]
[Round "-"]
[White "Garoa_de_sangue"]
[Black "alfabeto"]
[Result "0-1"]
[WhiteElo "1757"]
[BlackElo "1930"]

1. e4 Nf6 2. Nc3 d5 3. exd5 Nxd5 4. Nxd5 Qxd5 5. b3 Qe5+ 6. Qe2 Qxa1 7. Kd1 e5
8. Qf3 Ba3 9. Bc4 Qxc1+ 10. Ke2 O-O 11. c3 Nc6 12. Bd3 Bd7 13. g3 e4 14. Qxe4
Rae8 0-1

[Event "Challenge"]
[Site "http://www.queenalice.com/game.php?id=450063"]
[Date "2008.8.18"]
[Round "-"]
[White "Garoa_de_sangue"]
[Black "danihel"]
[Result "0-1"]
[WhiteElo "1741"]
[BlackElo "1736"]

1. e4 e5 2. f4 exf4 3. Nf3 d5 4. e5 Bg4 5. d4 g5 6. Nc3 Bb4 7. Bd2 Bxf3 8. Qxf3
c6 9. O-O-O Bxc3 10. Qxc3 a6 11. g3 Nh6 12. h3 Nf5 13. gxf4 Ng3 14. Qxg3 gxf4
15. Qxf4 Nd7 16. Bd3 Qc7 17. Rdf1 Nb6 18. Ba5 O-O-O 19. Qxf7 Kb8 20. e6 Rdf8 21.
Qxc7+ Kxc7 22. e7 Re8 23. Rf7 h5 24. Rhf1 Kd6 25. Rf8 Kxe7 26. Bb4+ Kd7 27.
R1f7+ Kd8 28. Be7+ Kc8 29. Bf5+ Kb8 30. Bd6+ Ka7 31. Bc5 Rg8 32. Bd7 Rd8 33.
Bxc6 a5 34. Rxb7+ Ka6 35. Rxb6+ Ka7 0-1

[Event "Challenge"]
[Site "http://www.queenalice.com/game.php?id=450064"]
[Date "2008.8.18"]
[Round "-"]
[White "Garoa_de_sangue"]
[Black "yclaudiu35"]
[Result "0-1"]
[WhiteElo "1786"]
[BlackElo "1788"]

1. e4 e5 2. f4 exf4 3. Nf3 g5 4. d4 d6 5. Bc4 Bg4 6. Nc3 Nc6 7. Qd3 Bxf3 8. gxf3
Bg7 9. Bb5 Ne7 10. h4 f6 11. Bd2 a6 12. Bc4 Nb4 13. Bf7+ Kxf7 14. Qc4+ Kf8 15.
Qxb4 b5 16. O-O-O Nc6 17. Qa3 b4 18. Qb3 bxc3 19. Bxc3 Ke7 20. Rhe1 h5 21. e5
fxe5 22. dxe5 Kf8 23. e6 Rb8 24. Qd5 Ne5 25. Bxe5 Bxe5 26. Rxe5 Qe7 27. Rxg5 Rh6
28. Re1 Re8 29. Qd4 c5 30. Qxf4+ Rf6 31. Rf5 Rxf5 32. Qxf5+ Kg8 0-1

[Event "Challenge"]
[Site "http://www.queenalice.com/game.php?id=469533"]
[Date "2008.9.28"]
[Round "-"]
[White "Garoa_de_sangue"]
[Black "Biasi"]
[Result "0-1"]
[WhiteElo "1690"]
[BlackElo "1795"]

1. e4 e5 2. f4 Nc6 3. Bc4 Bc5 4. Nf3 f6 5. f5 d6 6. c3 Bd7 7. d4 Bb6 8. Be3 exd4
9. cxd4 Nge7 10. Nc3 a6 11. a3 g6 12. Nd5 Nxd5 13. Bxd5 Qe7 14. Qd3 O-O-O 15.
Be6 gxf5 16. Bxf5 Bxf5 17. exf5 Rhe8 18. Kf2 d5 19. Rhe1 Qf7 0-1

[Event "Challenge"]
[Site "http://www.queenalice.com/game.php?id=471954"]
[Date "2008.10.2"]
[Round "-"]
[White "Landoaldojr"]
[Black "Garoa_de_sangue"]
[Result "1-0"]
[WhiteElo "1517"]
[BlackElo "1768"]

1. c4 Nf6 2. Nc3 d5 3. cxd5 Nxd5 4. Nxd5 Qxd5 5. Qb3 Qxb3 6. axb3 e5 7. e4 Bb4
8. Bb5+ Bd7 9. Bxd7+ Nxd7 10. Nf3 O-O-O 11. O-O f6 12. d3 1-0

[Event "AUTO-ADV-1066"]
[Site "http://www.queenalice.com/game.php?id=474465"]
[Date "2008.10.8"]
[Round "1"]
[White "GM_Freitas"]
[Black "Garoa_de_sangue"]
[Result "1-0"]
[WhiteElo "2029"]
[BlackElo "1721"]

1. d4 Nf6 2. c4 d5 3. Nc3 c6 4. cxd5 cxd5 5. Nf3 Nc6 6. e3 Bg4 7. Bb5 Nd7 8.
Nxd5 e6 9. Bxc6 bxc6 10. Nc3 Bb4 11. h3 Bf5 12. Qa4 Bxc3+ 13. bxc3 Be4 14. Ba3
Qb6 15. Nd2 1-0

[Event "AUTO-ADV-1066"]
[Site "http://www.queenalice.com/game.php?id=474466"]
[Date "2008.10.8"]
[Round "1"]
[White "Garoa_de_sangue"]
[Black "GM_Freitas"]
[Result "0-1"]
[WhiteElo "1725"]
[BlackElo "2025"]

1. e4 Nf6 2. Nc3 d5 3. d3 d4 4. Nce2 e5 5. Bg5 Be7 6. Nf3 Nc6 7. c3 Bg4 8. Ng3
O-O 9. Be2 h6 10. Bxf6 Bxf6 11. Qb3 dxc3 12. bxc3 Bxf3 13. Bxf3 Ne7 14. Be2 b6
0-1

[Event "AUTO-ADV-1066"]
[Site "http://www.queenalice.com/game.php?id=474478"]
[Date "2008.10.8"]
[Round "1"]
[White "Garoa_de_sangue"]
[Black "pjhunt"]
[Result "0-1"]
[WhiteElo "1717"]
[BlackElo "2109"]

1. e4 c5 2. Nc3 d6 3. Bb5+ Nc6 4. Nf3 Bd7 5. d3 Nf6 6. Bg5 a6 7. Bxf6 axb5 8.
Bg5 h6 9. Be3 b4 10. Ne2 g5 0-1

[Event "AUTO-ADV-1066"]
[Site "http://www.queenalice.com/game.php?id=474483"]
[Date "2008.10.8"]
[Round "1"]
[White "alvarogoulart"]
[Black "Garoa_de_sangue"]
[Result "1-0"]
[WhiteElo "1811"]
[BlackElo "1713"]

1. e4 Nf6 2. e5 Nd5 3. d4 e6 4. Bc4 c6 5. Bxd5 cxd5 6. Nf3 d6 7. Nc3 dxe5 8.
dxe5 Bb4 9. Bd2 Nc6 10. Nb5 Bxd2+ 11. Qxd2 O-O 12. O-O b6 13. Nfd4 1-0

[Event "AUTO-ADV-1066"]
[Site "http://www.queenalice.com/game.php?id=474484"]
[Date "2008.10.8"]
[Round "1"]
[White "Garoa_de_sangue"]
[Black "alvarogoulart"]
[Result "0-1"]
[WhiteElo "1701"]
[BlackElo "1823"]

1. e4 e5 2. f4 exf4 3. Nf3 Nf6 4. Nc3 b6 5. Bc4 Bb7 6. d3 Bb4 7. Bxf4 O-O 8. Be5
d6 9. Bg3 Bxc3+ 10. bxc3 h6 11. O-O Nbd7 12. Nd4 Ne5 0-1